| 000 | 01249nam a2200241Ia 4500 | ||
|---|---|---|---|
| 001 | 17730 | ||
| 003 | GE_BSU | ||
| 008 | 181216s||||||||xx |||||||||||||| ||und|| | ||
| 020 | _a9789941459085 | ||
| 040 | _cGE_BSU | ||
| 080 | _a635.9 | ||
| 100 | _aგუბელაძე, ე. | ||
| 245 | _aსეზონების მიხედვით კოლორიტული ეფექტების შემქმნელი მერქნიანი მცენარეები | ||
| 245 | _cრედ.: ე.ბენიძე | ||
| 260 | _aქუთაისი | ||
| 260 | _bაკაკი წერეთლის სახ. უნ-ტი | ||
| 260 | _c2015 | ||
| 300 | _a248 გვ. ილ. 21სმ. | ||
| 300 | _eბიბლ.გვ.237-238 | ||
| 653 | _aმცენარეების ბიომორფოლოგიური დახასიათება, საბაღო ფორმები, დეკორაციული ნიშან-თვისებები | ||
| 653 | _aსეზონების მიხედვით კოლორიტული ეფექტების შემქმნელი მერქნიანი მცენარეები | ||
| 942 | _cBK | ||
| 999 |
_c50778 _d50778 |
||